The riddle of the universe (Record no. 125509)
[ view plain ]
| 000 -LEADER | |
|---|---|
| fixed length control field | 00954nam a2200325Ka 4500 |
| 001 - CONTROL NUMBER | |
| control field | 9299581 |
| 003 - CONTROL NUMBER IDENTIFIER | |
| control field | ARRUPE |
| 005 - DATE AND TIME OF LATEST TRANSACTION | |
| control field | 20161017085628.0 |
| 006 - FIXED-LENGTH DATA ELEMENTS--ADDITIONAL MATERIAL CHARACTERISTICS--GENERAL INFORMATION | |
| fixed length control field | m d |
| 007 - PHYSICAL DESCRIPTION FIXED FIELD--GENERAL INFORMATION | |
| fixed length control field | cr bn||||||abp |
| 007 - PHYSICAL DESCRIPTION FIXED FIELD--GENERAL INFORMATION | |
| fixed length control field | cr bn||||||ada |
| 008 - FIXED-LENGTH DATA ELEMENTS--GENERAL INFORMATION | |
| fixed length control field | 111008t19271926xx o 000 0 eng d |
| 035 ## - SYSTEM CONTROL NUMBER | |
| System control number | (OCoLC)ocn756432717 |
| 035 ## - SYSTEM CONTROL NUMBER | |
| System control number | (OCoLC)756432717 |
| 040 ## - CATALOGING SOURCE | |
| Original cataloging agency | OCLCE |
| Language of cataloging | eng |
| Transcribing agency | OCLCE |
| 049 ## - LOCAL HOLDINGS (OCLC) | |
| Holding library | ZCUA |
| 050 #4 - LIBRARY OF CONGRESS CALL NUMBER | |
| Classification number | B3263.W45E6 |
| 300 ## - PHYSICAL DESCRIPTION | |
| Dimensions | 23cm. |
| 100 1# - MAIN ENTRY--PERSONAL NAME | |
| Personal name | Haeckel, Ernst Heinrich Philipp August, |
| Dates associated with a name | 1834-1919. |
| 9 (RLIN) | 26736 |
| 245 14 - TITLE STATEMENT | |
| Title | The riddle of the universe |
| Statement of responsibility, etc | by Ernst Haeckel |
| 260 ## - PUBLICATION, DISTRIBUTION, ETC. (IMPRINT) | |
| Place of publication, distribution, etc | London |
| Name of publisher, distributor, etc | Watts, |
| Date of publication, distribution, etc | 1934 |
| 300 ## - PHYSICAL DESCRIPTION | |
| Extent | x, 324p.; |
| 500 ## - GENERAL NOTE | |
| General note | Published originally in 1929 |
| 650 #0 - SUBJECT ADDED ENTRY--TOPICAL TERM | |
| Topical term or geographic name as entry element | Monism. |
| 9 (RLIN) | 26737 |
| 650 #0 - SUBJECT ADDED ENTRY--TOPICAL TERM | |
| Topical term or geographic name as entry element | Evolution. |
| 9 (RLIN) | 16208 |
| 650 #0 - SUBJECT ADDED ENTRY--TOPICAL TERM | |
| Topical term or geographic name as entry element | Religion and science. |
| Chronological subdivision | 1800-1899 |
| 9 (RLIN) | 26738 |
| 700 1# - ADDED ENTRY--PERSONAL NAME | |
| Personal name | Randolph, Vance, |
| Dates associated with a name | 1892- |
| 9 (RLIN) | 26739 |
| 740 4# - ADDED ENTRY--UNCONTROLLED RELATED/ANALYTICAL TITLE | |
| Uncontrolled related/analytical title | The riddle of the universe. |
| 776 1# - ADDITIONAL PHYSICAL FORM ENTRY | |
| Qualifying information | Original |
| Record control number | (OCoLC)233991947 |
| 942 ## - ADDED ENTRY ELEMENTS (KOHA) | |
| Source of classification or shelving scheme | Library of Congress Classification |
| Koha item type | Monograph ( Printed materials) |
| Withdrawn status | Lost status | Source of classification or shelving scheme | Damaged status | Not for loan | Collection code | Home library | Current library | Shelving location | Date acquired | Total Checkouts | Full call number | Barcode | Date last seen | Price effective from | Koha item type |
|---|---|---|---|---|---|---|---|---|---|---|---|---|---|---|---|
| Library of Congress Classification | Main Collection | ARRUPE LIBRARY | ARRUPE LIBRARY | Main Collection | 17/10/2016 | B3263.W45E6 | 46500020817 | 17/10/2016 | 17/10/2016 | Monograph ( Printed materials) |